000 00778nam a2200217Ia 4500
001 10687
003 GE_BSU
008 181216s||||||||xx |||||||||||||| ||und||
040 _cGE_BSU
080 _a821.353.1–1
100 _aფხოველი,ჯარჯი.
245 _aდუმილის ტყე.
245 _bლექსები.
245 _cსაგამომც.მონაც.ავტ. დავით,ციგროშვილი; რედ.ირ.არაბული; მხატვ. გ.წერეთელი.
260 _aთბილისი.
260 _bსაბჭოთა საქართველო.
260 _c1975.
300 _a92გვ;16სმ.
653 _aდუმილის ტყე.
942 _cBK
999 _c43938
_d43938